000 03032nam a2201153 c 4500
003 PE-LiUPU
005 20250813185709.0
008 160316s2016 sp | |||| 000 0 spa
020 _a9788491230021
040 _aSpMaBN
_bspa
_cPE-LiUPU
_erdc
_dPE-LiUPU
080 _a35(460).076.13(460)
080 _a351.94(460)
082 _223
_a343.607
_bR696m
100 1 _aRodríguez de Santiago, José María
_4autor.
_0XX1282528
245 1 0 _aMetodología del derecho administrativo :
_breglas de racionalidad para la adopción y el control de la decisión administrativa /
_cJosé María Rodríguez de Santiago.
264 _aMadrid :
_bMarcial Pons,
_c2016.
300 _a210 páginas ;
_c24 centímetros.
336 _aTexto (visual)
_2isbdcontent
337 _asin mediación
_2isbdmedia
504 _aBibliografía: p. [197]-205
505 _aMetodología aplicativa y metodología académica del derecho administrativo -- Fundamentos de una metodología específicamente jurídico-administrativa -- La fijación administrativa de los hechos -- La construcción de la norma de conducta aplicable por la administración -- La decisión administrativa. Subsunción y ponderación -- La discrecionalidad de la administración y la norma de control judicial.
526 _aP202
526 _aP201
526 _aP163
526 _aP162
526 _aP161
526 _aP160
526 _aP148
526 _aP147
526 _aP146
526 _aP145
526 _aP144
526 _aP143
526 _aP142
526 _aP141
526 _aP140
526 _aP139
526 _aP138
526 _aP137
526 _aP136
526 _aP135
526 _aP134
526 _aP133
526 _aP129
526 _aP128
526 _aP127
526 _aP120
526 _aP119
526 _aP118
526 _aP116
526 _aP115
526 _aP114
526 _aP110
526 _aP109
526 _aP108
526 _aP104
526 _aP103
526 _aP102
526 _aP99
526 _aP98
526 _aP97
526 _aP96
526 _aP95
526 _aP93
526 _aP90
526 _aP89
526 _aP88
526 _aP83
526 _aP82
526 _aP62
526 _aP59
526 _aP58
526 _aP57
526 _aP51
526 _aP49
526 _aP48
526 _aP47
526 _aP29
526 _aP24
526 _aP20
526 _aP19
526 _aP17
526 _aP15
526 _aP14
526 _aP12
526 _aP10
526 _aP09
526 _aP08
526 _aP07
526 _aP06
526 _aP05
526 _aP04
526 _aP01
650 1 7 _aDiscrecionalidad administrativa
_zEspaña
_2embne
650 2 7 _aControl jurisdiccional de la administración
_zEspaña
_2embne
942 _2ddc
_cBK
_n0
956 _a2
999 _c62472
_d62471
980 _618226
_aJaime Vilcazán Jefe de Análisis Documental
_81
_gALBERTO SANCHEZ Responsable de Automatización